[Event "Mechanics' Fall TNM; 30/90, SD/30"]
[Site "San Francisco"]
[Date "2012.11.20"]
[Round "6.20"]
[White "Standen, Julian"]
[Black "Agdamag, Samuel"]
[Result "1-0"]
[WhiteElo "1725"]
[BlackElo "1413"]
[PlyCount "111"]
[EventDate "2012.??.??"]

1. d4 d5 2. Nf3 e6 3. e3 Nf6 4. Bd3 b6 5. Nbd2 Nbd7 6. O-O c5 7. c3 Bd6 8. e4
dxe4 9. Nxe4 Qc7 10. Nxd6+ Qxd6 11. dxc5 Nxc5 12. Bb5+ Ke7 13. Qxd6+ Kxd6 14.
Bf4+ Ke7 15. Rad1 Nd5 16. Bg3 Bb7 17. Rd4 Rhd8 18. Rfd1 a6 19. Be2 Ke8 20. c4
Nf6 21. Bc7 Rxd4 22. Rxd4 Ncd7 23. Ne5 Rc8 24. Nxd7 Nxd7 25. Bg3 Nc5 26. f3 Rd8
27. Rxd8+ Kxd8 28. b4 Nd7 29. Be1 g6 30. Kf2 Ke7 31. Bc3 f6 32. a4 e5 33. Ke3
h5 34. g3 Kf7 35. f4 Ke6 36. Bd3 Kf7 37. Bf1 Ke7 38. Be2 Kf7 39. f5 Kg7 40.
fxg6 Kxg6 41. h4 f5 42. Bd3 Kf6 43. Bb2 Ke6 44. Ba3 Kf6 45. Be2 Kg6 46. a5 bxa5
47. bxa5 Nb8 48. Bd6 Nc6 49. Bc7 Kh6 50. c5 Nb4 51. Bc4 Nd5+ 52. Bxd5 Bxd5 53.
Bxe5 Bc6 54. Kf4 Kg6 55. Bc3 Be4 56. Ke5 1-0

[Event "Mechanics' Mar TNM; 30/90, SD/30"]
[Site "San Francisco"]
[Date "2012.09.04"]
[Round "6.22"]
[White "Standen, Julian"]
[Black "Allen, Tom"]
[Result "0-1"]
[WhiteElo "1714"]
[BlackElo "1459"]
[PlyCount "86"]
[EventDate "2012.??.??"]

1. d4 d5 2. Nf3 Nc6 3. e3 Bg4 4. c4 e6 5. Nc3 Nf6 6. cxd5 exd5 7. Be2 Bd6 8.
Bd2 O-O 9. O-O Re8 10. Re1 Qd7 11. Rc1 Nb4 12. a3 Bxf3 13. gxf3 Qh3 14. f4 Bxf4
15. exf4 Rxe2 16. Qxe2 Nd3 17. Qe3 Qf5 18. Kh1 h6 19. Qf3 c6 20. Re5 Nxe5 21.
dxe5 Nd7 22. Qg3 Nc5 23. Rg1 Ne6 24. Ne2 Qe4+ 25. Qg2 Qxe2 26. f5 Qxd2 27. fxe6
g5 28. exf7+ Kxf7 29. Qf3+ Qf4 30. Qh5+ Kg7 31. h4 Qe4+ 32. Rg2 Qg6 33. Qg4 Rf8
34. hxg5 hxg5 35. Kh2 Rh8+ 36. Kg3 Rf8 37. f3 Rf4 38. Qd7+ Qf7 39. Qd6 Rxf3+
40. Kh2 Qf4+ 41. Kh1 Rf1+ 42. Rg1 Qh4+ 43. Kg2 Rf2# 0-1

[Event "Mechanics' Fall TNM; 30/90, SD/30"]
[Site "San Francisco"]
[Date "2012.10.30"]
[Round "3.11"]
[White "Standen, Julian"]
[Black "Andries, Craig"]
[Result "0-1"]
[WhiteElo "1725"]
[BlackElo "1953"]
[Annotator "Donaldson"]
[PlyCount "74"]
[EventDate "2012.??.??"]

1. d4 f5 2. Bf4 Nf6 3. e3 e6 4. Nf3 Be7 5. h3 d5 6. Be2 O-O 7. O-O c6 8. c3 Qb6
9. Qb3 Nbd7 10. Nbd2 Qxb3 11. Nxb3 Ne4 12. Ne5 Nxe5 13. Bxe5 Bd6 14. Bxd6 Nxd6
15. f4 Ne4 16. Kh2 b6 17. Rad1 a5 18. Bf3 Ba6 19. Rg1 a4 20. Bxe4 axb3 21. Bb1
Be2 22. Rd2 bxa2 23. Bxa2 Rxa2 24. Rxe2 Rfa8 25. Rd1 b5 26. Rdd2 Kf7 27. Rc2
Ke7 28. b4 Rxc2 29. Rxc2 Ra1 30. Kg3 Kf6 31. Kf2 h6 32. g3 g5 33. Kg2 h5 34.
Kf2 h4 35. gxh4 g4 36. h5 $2 (36. hxg4 $11) 36... Rh1 37. hxg4 $4 (37. Kg2)
37... Rh2+ 0-1

[Event "Mechanics' Spring TNM; 30/90, SD/30"]
[Site "San Francisco"]
[Date "2012.03.27"]
[Round "3.26"]
[White "Standen, Julian"]
[Black "Bayaraa, Chinguun"]
[Result "1-0"]
[WhiteElo "1600"]
[BlackElo "1443"]
[PlyCount "91"]
[EventDate "2012.??.??"]

1. d4 d5 2. Nf3 e6 3. e3 Nf6 4. Bd3 Be7 5. Nbd2 Nbd7 6. O-O O-O 7. Re1 c5 8. c3
cxd4 9. exd4 Nb6 10. Ne5 Nbd7 11. Ndf3 Nxe5 12. Nxe5 Qc7 13. Bg5 h6 14. Bh4 b6
15. Re3 Bb7 16. g4 Ne8 17. Bxe7 Qxe7 18. Qe2 Nd6 19. Rf1 Rfe8 20. f4 Qc7 21. h4
Re7 22. f5 exf5 23. Bxf5 Rae8 24. g5 Nxf5 25. Rxf5 hxg5 26. hxg5 Bc8 27. Rf4
Bb7 28. Qh2 Rxe5 29. Rxe5 Rxe5 30. dxe5 Qxe5 31. Qg3 Bc6 32. Kh2 Qe2+ 33. Rf2
Qh5+ 34. Qh3 Qxh3+ 35. Kxh3 a6 36. Kg3 Bd7 37. Kf4 f6 38. gxf6 gxf6 39. Ke3 Kf7
40. Kd4 Bc6 41. b3 Ke6 42. c4 dxc4 43. Kxc4 f5 44. Kd4 Kf6 45. Rh2 Kg5 46. Rh8
1-0

[Event "Mechanics' Spring TNM; 30/90, SD/30"]
[Site "San Francisco"]
[Date "2012.04.24"]
[Round "7.12"]
[White "Standen, Julian"]
[Black "Chen, Mingson"]
[Result "0-1"]
[WhiteElo "1600"]
[BlackElo "1902"]
[PlyCount "57"]
[EventDate "2012.??.??"]

1. d4 c5 2. e3 Nf6 3. Nf3 d5 4. c3 Nc6 5. Nbd2 cxd4 6. exd4 Bg4 7. Be2 e6 8.
O-O Bd6 9. Re1 O-O 10. Nf1 Qc7 11. Bg5 Ne4 12. Bh4 Rab8 13. N3d2 Nxd2 14. Qxd2
Bxe2 15. Qxe2 b5 16. Bg3 Rfc8 17. Qd2 b4 18. Bxd6 Qxd6 19. Rac1 bxc3 20. Rxc3
Ne7 21. Ng3 Rxc3 22. bxc3 h6 23. Ne2 Nf5 24. Rc1 Qb6 25. g3 Nd6 26. Qc2 Qb2 27.
Kf1 Qxc2 28. Rxc2 Rb1+ 29. Nc1 {last move on scoresheet is ...Na3} 0-1

[Event "Mechanics' Mar TNM; 30/90, SD/30"]
[Site "San Francisco"]
[Date "2012.08.21"]
[Round "4.17"]
[White "Standen, Julian"]
[Black "De Lenea, Digne"]
[Result "1/2-1/2"]
[WhiteElo "1714"]
[BlackElo "1906"]
[PlyCount "71"]
[EventDate "2012.??.??"]

1. d4 Nf6 2. Nf3 g6 3. Bg5 Bg7 4. Nbd2 O-O 5. e4 d5 6. Bd3 Nc6 7. c3 dxe4 8.
Nxe4 Nxe4 9. Bxe4 Qe8 10. O-O Bf5 11. Bxf5 gxf5 12. Qd3 Qd7 13. Rad1 Rad8 14.
Qe3 f6 15. Bh6 Rf7 16. Bxg7 Rxg7 17. Rde1 Kh8 18. Qe6 Qd5 19. Qxd5 Rxd5 20. Nh4
Rg4 21. g3 f4 22. Kg2 Rh5 23. Kf3 Rg7 24. Kxf4 e5+ 25. Kf3 Rd7 26. dxe5 Nxe5+
27. Kg2 Rd2 28. Nf3 Nxf3 29. Kxf3 Rxb2 30. Rb1 Rxb1 31. Rxb1 b6 32. Rd1 Rg5 33.
Rd8+ Rg8 34. Rd7 Rg7 35. Rd8+ Rg8 36. Rd7 1/2-1/2

[Event "Mechanics' Summer TNM; 30/90, SD/30"]
[Site "San Francisco"]
[Date "2012.05.29"]
[Round "2.16"]
[White "Standen, Julian"]
[Black "Grey, Peter"]
[Result "1/2-1/2"]
[WhiteElo "1637"]
[BlackElo "2000"]
[PlyCount "98"]
[EventDate "2012.??.??"]

1. d4 g6 2. Nf3 Bg7 3. c3 d6 4. e4 Nf6 5. Qc2 c5 6. dxc5 dxc5 7. Be2 O-O 8. O-O
b6 9. Bg5 Bb7 10. Nbd2 Nbd7 11. Rfe1 h6 12. Bh4 Nh5 13. Rad1 g5 14. Bg3 Nxg3
15. hxg3 Qc7 16. Nc4 Rad8 17. Ne3 e6 18. g4 Ne5 19. g3 Nxf3+ 20. Bxf3 Rxd1 21.
Rxd1 Rd8 22. Kg2 Rd7 23. Qe2 Qd8 24. Rxd7 Qxd7 25. Nc4 Qc7 26. Qd2 Ba6 27. Ne3
Bb7 28. Nf1 Bf6 29. Qe2 Kg7 30. Ne3 Be7 31. Nf1 Bf6 32. Kg1 Kf8 33. Qd3 Bc6 34.
Ne3 Bg7 35. Bg2 b5 36. Nd1 Be5 37. Ne3 Qd7 38. Qc2 c4 39. Bf1 Qb7 40. Bg2 Qd7
41. Bf1 Ke7 42. a3 Qd6 43. Kg2 Qc5 44. Qd2 Qd6 45. Qc2 Qc7 46. Kg1 Bxg3 47.
fxg3 Qxg3+ 48. Ng2 Qxg4 49. Qf2 {
Black is somewahat better and could have continued playing.} Qxe4 1/2-1/2

[Event "Mechanics' Fall TNM; 30/90, SD/30"]
[Site "San Francisco"]
[Date "2012.11.06"]
[Round "4.21"]
[White "Standen, Julian"]
[Black "Harris, Clarence"]
[Result "1-0"]
[WhiteElo "1725"]
[BlackElo "1323"]
[Annotator "Donaldson"]
[PlyCount "65"]
[EventDate "2012.??.??"]

1. d4 Nf6 2. Nf3 g6 3. Bg5 Ne4 4. Bf4 Bg7 5. e3 d6 6. Nbd2 Bf5 7. Bc4 c6 8. O-O
Nd7 $2 (8... O-O) 9. Nxe4 Bxe4 10. Qe2 (10. Bxf7+) 10... Nf6 11. Rad1 d5 12.
Bb3 O-O 13. h3 h6 14. c4 Rc8 15. Ne5 g5 16. Bg3 h5 17. f3 Bh7 18. Bf2 e6 19.
Bc2 Bxc2 20. Qxc2 b5 21. b3 a5 22. g4 h4 23. Rfe1 Re8 24. Qd2 Bf8 25. c5 Nd7
26. Nxd7 Qxd7 27. Qxa5 Ra8 28. Qd2 Ra3 29. e4 Bh6 30. Bxh4 Qc7 31. e5 Qa5 32.
Bxg5 Qxd2 33. Bxd2 1-0

[Event "Mechanics' Winter TNM; 30/90, SD/30"]
[Site "San Francisco"]
[Date "2012.01.31"]
[Round "5.23"]
[White "Standen, Julian"]
[Black "Hilliard, Michael"]
[Result "0-1"]
[WhiteElo "1613"]
[BlackElo "1408"]
[PlyCount "40"]
[EventDate "2012.??.??"]

1. d4 d5 2. Nf3 e6 3. e3 c5 4. c3 Nc6 5. Bd3 Nf6 6. Nbd2 Bd6 7. O-O e5 8. dxe5
Nxe5 9. Nxe5 Bxe5 10. e4 O-O 11. Qc2 d4 12. cxd4 cxd4 13. Nf3 Nd7 14. Bd2 b6
15. Rac1 Bb7 16. Nxe5 Nxe5 17. Bf4 Rc8 18. Qe2 Qf6 19. f3 Nxd3 20. Qxd3 Qxf4
0-1

[Event "Mechanics' Spring TNM; 30/90, SD/30"]
[Site "San Francisco"]
[Date "2012.04.10"]
[Round "5.13"]
[White "Standen, Julian"]
[Black "Ledford, Steven"]
[Result "1-0"]
[WhiteElo "1600"]
[BlackElo "1944"]
[PlyCount "65"]
[EventDate "2012.??.??"]

1. d4 Nf6 2. Nf3 g6 3. Bg5 Bg7 4. Nbd2 d5 5. e3 O-O 6. Bd3 c5 7. c3 b6 8. O-O
Bb7 9. Ne5 Ne4 10. Bf4 f6 11. Nef3 Nd7 12. Be2 e5 13. Bg3 Nxg3 14. hxg3 Qe7 15.
g4 Rac8 16. Rc1 c4 17. g3 b5 18. b4 a5 19. a3 Ra8 20. Qc2 f5 21. gxf5 gxf5 22.
Nxe5 Nxe5 23. dxe5 Bxe5 24. Nf3 Bxg3 25. fxg3 Qxe3+ 26. Kh2 Rae8 27. Nd4 Rf6
28. Rf4 Rh6+ 29. Kg2 Rg6 30. Rf3 Qg5 31. Qxf5 Qxf5 32. Rxf5 axb4 33. Bh5 1-0

[Event "Mechanics' Winter TNM; 30/90, SD/30"]
[Site "San Francisco"]
[Date "2012.01.24"]
[Round "4.27"]
[White "Standen, Julian"]
[Black "Lkhagvatsoght, Noel"]
[Result "1/2-1/2"]
[WhiteElo "1613"]
[BlackElo "662"]
[PlyCount "111"]
[EventDate "2012.??.??"]

1. d4 d5 2. Nf3 Bf5 3. e3 Nf6 4. c4 e6 5. Nc3 Bb4 6. Qb3 Nc6 7. Be2 Rb8 8. O-O
dxc4 9. Bxc4 a6 10. a3 Bxc3 11. bxc3 b5 12. Be2 O-O 13. Bd2 h6 14. Rfd1 Qe7 15.
c4 bxc4 16. Qxc4 Rb6 17. Rdc1 Qd6 18. Qc5 Qxc5 19. Rxc5 Ne4 20. Rcc1 Rc8 21.
Be1 Ne7 22. Ne5 f6 23. Nd7 Rb2 24. Bxa6 Rd8 25. Nc5 Nd5 26. Nxe4 Bxe4 27. Bf1
Rdb8 28. a4 Bb1 29. a5 Ba2 30. Bc3 Nxc3 31. Rxc3 Ra8 32. a6 Bd5 33. Rxc7 Rb6
34. a7 Bb7 35. h3 g6 36. Rc5 Bd5 37. Rb5 Rb7 38. Rxb7 Bxb7 39. g3 Kf8 40. Bg2
Bxg2 41. Kxg2 Ke8 42. e4 Kd8 43. f4 Kc8 44. Kf3 Kb7 45. g4 Rxa7 46. Rxa7+ Kxa7
47. h4 Kb7 48. d5 exd5 49. exd5 Kc7 50. Ke4 Kd6 51. f5 g5 52. h5 Kd7 53. Ke3
Kc7 54. d6+ $4 Kxd6 55. Kd4 Kc6 56. Kc4 1/2-1/2

[Event "Mechanics' Summer TNM; 30/90, SD/30"]
[Site "San Francisco"]
[Date "2012.06.19"]
[Round "5.16"]
[White "Standen, Julian"]
[Black "Morton, Adam"]
[Result "1/2-1/2"]
[WhiteElo "1637"]
[BlackElo "1878"]
[PlyCount "99"]
[EventDate "2012.??.??"]

1. d4 d5 2. Nf3 Nf6 3. e3 e6 4. Bd3 c5 5. c3 Nc6 6. Nbd2 Bd6 7. O-O O-O 8. dxc5
Bxc5 9. e4 e5 10. h3 a5 11. exd5 Nxd5 12. Ne4 Be7 13. Bg5 h6 14. Bxe7 Qxe7 15.
Re1 Rd8 16. Qc2 Ndb4 17. cxb4 Nxb4 18. Qc5 Qxc5 19. Nxc5 Nxd3 20. Rad1 Bf5 21.
Nxd3 Rxd3 22. Rxd3 Bxd3 23. Nxe5 Bf5 24. Rc1 f6 25. Nf3 Rd8 26. Kf1 Kf7 27.
Rc7+ Rd7 28. Rxd7+ Bxd7 29. h4 Ke6 30. Ke1 Kd5 31. Kd2 g5 32. hxg5 hxg5 33. Ke3
b5 34. a3 b4 35. axb4 axb4 36. g3 Bg4 37. Nd2 Bf5 38. f4 g4 39. Nb3 Bc2 40. Nd2
f5 41. Nf1 Bb3 42. Nd2 Bc4 43. Nb1 Kc5 44. Nd2 Be6 45. Nb1 Bd5 46. Nd2 Bc6 47.
Nb3+ Kc4 48. Nd2+ Kc5 49. Nb3+ Kd5 50. Nd2 1/2-1/2

[Event "Mechanics' Spring TNM; 30/90, SD/30"]
[Site "San Francisco"]
[Date "2012.05.01"]
[Round "8.16"]
[White "Standen, Julian"]
[Black "Ochoa, Jason"]
[Result "0-1"]
[WhiteElo "1600"]
[BlackElo "1906"]
[PlyCount "46"]
[EventDate "2012.??.??"]

1. d4 g6 2. e4 Bg7 3. Nf3 c5 4. dxc5 Qa5+ 5. c3 Qxc5 6. Be3 Qc7 7. Nbd2 Nc6 8.
Be2 Nf6 9. h3 O-O 10. O-O b6 11. Nd4 Bb7 12. Rc1 Rad8 13. f4 d6 14. Qe1 e5 15.
N4f3 d5 16. Nxe5 Nxe5 17. fxe5 Nxe4 18. Nxe4 dxe4 19. Bg5 Rd7 20. Bf6 Qc5+ 21.
Qf2 Qxf2+ 22. Rxf2 Bh6 23. Bg4 Bxc1 0-1

[Event "Mechanics' Winter TNM; 30/90, SD/30"]
[Site "San Francisco"]
[Date "2012.02.14"]
[Round "7.23"]
[White "Standen, Julian"]
[Black "Rakonitz, David"]
[Result "1/2-1/2"]
[WhiteElo "1613"]
[BlackElo "1461"]
[PlyCount "82"]
[EventDate "2012.??.??"]

1. d4 Nf6 2. Nf3 e6 3. Nbd2 b6 4. e4 Bb7 5. Bd3 d6 6. O-O Be7 7. c4 Nbd7 8. b3
c5 9. d5 e5 10. Nb1 O-O 11. Ne1 Re8 12. Nc3 a6 13. f4 exf4 14. Bxf4 Nf8 15. Nf3
Ng6 16. Bd2 Ng4 17. Qc2 N4e5 18. Be2 Bc8 19. Rae1 Bg4 20. Qd1 Qd7 21. Nxe5 Nxe5
22. Bxg4 Nxg4 23. Qf3 Ne5 24. Qg3 Qg4 25. Qxg4 Nxg4 26. Bf4 Bf6 27. Nd1 Be5 28.
h3 Bxf4 29. Rxf4 Ne5 30. Ref1 Ra7 31. Nc3 Rb7 32. a4 Rbe7 33. g4 h6 34. Kg2 Ng6
35. R4f2 Ne5 36. Kg3 Nd7 37. Re2 Nf6 38. Rfe1 Re5 39. h4 Kf8 40. Kf3 R8e7 41.
Rb1 Nd7 1/2-1/2

[Event "Mechanics' Summer TNM; 30/90, SD/30"]
[Site "San Francisco"]
[Date "2012.07.03"]
[Round "7.13"]
[White "Standen, Julian"]
[Black "Todortsev, Victor"]
[Result "0-1"]
[WhiteElo "1637"]
[BlackElo "1969"]
[PlyCount "40"]
[EventDate "2012.??.??"]

1. d4 d5 2. Nf3 Nf6 3. e3 e6 4. Bd3 c5 5. c3 Nc6 6. Nbd2 Bd6 7. O-O O-O 8. Qe2
e5 9. dxc5 Bxc5 10. e4 Bg4 11. Rd1 d4 12. Nb3 Bb6 13. Bg5 h6 14. Bxf6 Qxf6 15.
Nbd2 Rfd8 16. h3 Bh5 17. g4 Bg6 18. Rac1 dxc3 19. Rxc3 Qf4 20. Rcc1 Qg3+ 0-1

[Event "Mechanics' Winter TNM; 30/90, SD/30"]
[Site "San Francisco"]
[Date "2012.01.31"]
[Round "5.25"]
[White "Starr, Albert"]
[Black "Bayaraa, Chingun"]
[Result "1-0"]
[WhiteElo "1519"]
[BlackElo "1355"]
[Annotator "Donaldson"]
[PlyCount "61"]
[EventDate "2012.??.??"]

1. b4 d5 2. e3 e6 3. Bb2 Nf6 4. b5 Bd7 5. Nf3 c6 6. a4 cxb5 7. axb5 Be7 8. Be2
O-O 9. O-O Be8 10. Ba3 Bxa3 11. Nxa3 Nbd7 12. d3 a6 13. c4 dxc4 14. dxc4 axb5
15. Nxb5 Rxa1 16. Qxa1 Ne4 17. Rd1 Qe7 18. Nfd4 Nec5 19. Bf3 Nf6 20. g3 Bxb5
21. Nxb5 h6 22. Qa7 Ne8 23. Qb6 e5 24. Bd5 Nf6 25. Nd6 Nxd5 26. Qxc5 Nf6 27.
Qb5 Rd8 28. c5 Ne8 29. Qd3 b6 $4 (29... Qc7 $11) 30. Nf5 $1 Rxd3 31. Nxe7+ 1-0

[Event "Mechanics' Spring TNM; 30/90, SD/30"]
[Site "San Francisco"]
[Date "2012.04.17"]
[Round "6.24"]
[White "Starr, Albert"]
[Black "Campers, Willie"]
[Result "0-1"]
[WhiteElo "1473"]
[BlackElo "1649"]
[PlyCount "78"]
[EventDate "2012.??.??"]

1. b4 e5 2. Bb2 d6 3. e3 Nf6 4. d3 Nc6 5. b5 Ne7 6. Nf3 Ng6 7. Be2 Be7 8. O-O
O-O 9. Nbd2 Rb8 10. c4 c6 11. a4 a6 12. Ng5 axb5 13. axb5 cxb5 14. cxb5 Nd5 15.
Bf3 Nb4 16. Qb3 Nxd3 17. Qxd3 Bxg5 18. Ne4 Be7 19. Rfd1 Bf5 20. Qd2 Qb6 21.
Nxd6 Rfd8 22. Nc4 Qxb5 23. Qc3 Rdc8 24. Be2 Be6 25. Ra5 Qc6 26. Rc1 b5 27. Nxe5
Qxc3 28. Rxc3 Nxe5 29. Rxc8+ Rxc8 30. Bxe5 Rc1+ 31. Bf1 Bc4 32. g3 Rxf1+ 33.
Kg2 Rd1 34. Bd4 f6 35. Kf3 h5 36. Ke4 Rd2 37. Ra7 Bb4 38. f4 Bd3+ 39. Kd5 Rxh2
0-1

[Event "Mechanics' Mar TNM; 30/90, SD/30"]
[Site "San Francisco"]
[Date "2012.09.04"]
[Round "6.15"]
[White "Starr, Albert"]
[Black "Delmonico, Nils"]
[Result "1-0"]
[WhiteElo "1562"]
[BlackElo "1888"]
[PlyCount "95"]
[EventDate "2012.??.??"]

1. b4 e5 2. Bb2 Bxb4 3. Bxe5 Nf6 4. c4 O-O 5. e3 Nc6 6. Bc3 d5 7. h3 d4 8. Bxb4
Nxb4 9. Qb3 dxe3 10. dxe3 Ne4 11. Qxb4 Qf6 12. Nf3 Qxa1 13. Bd3 a5 14. Qa3 Bf5
15. O-O Qf6 16. Nd4 Nd6 17. c5 Bxd3 18. Qxd3 Ne8 19. Nd2 Qe5 20. Rc1 Nf6 21.
N2f3 Qd5 22. Qb1 Ne4 23. Ne2 Nd2 24. Nxd2 Qxd2 25. Rc2 Qb4 26. Qc1 Qe4 27. Rc4
Qe5 28. Ng3 b5 29. cxb6 cxb6 30. Re4 Qd5 31. Qb2 Qd1+ 32. Kh2 Qd6 33. f4 g6 34.
Rd4 Qf6 35. Ne4 Qg7 36. Qxb6 h6 37. Ra4 Rfb8 38. Qc7 Rb4 39. Qc6 Rxa4 40. Qxa8+
Kh7 41. Qd5 Rb4 42. Nd6 Rb1 43. Qxa5 Qa1 44. Nxf7 Rh1+ 45. Kg3 Qg1 46. Qa8
Qxe3+ 47. Qf3 Qxf3+ 48. Kxf3 {score ends} 1-0

[Event "Mechanics' Spring TNM; 30/90, SD/30"]
[Site "San Francisco"]
[Date "2012.05.01"]
[Round "8.24"]
[White "Starr, Albert"]
[Black "Dembling, Arthur"]
[Result "0-1"]
[WhiteElo "1473"]
[BlackElo "1687"]
[PlyCount "112"]
[EventDate "2012.??.??"]

1. b4 e5 2. Bb2 Bxb4 3. Bxe5 Nf6 4. c4 O-O 5. e3 Re8 6. Nf3 d5 7. Be2 c5 8. O-O
Nc6 9. Bc3 d4 10. exd4 cxd4 11. Bxb4 Nxb4 12. d3 Bf5 13. a3 Nc6 14. Nbd2 Qe7
15. Nh4 Bd7 16. Bf3 Qd6 17. Bxc6 Bxc6 18. Nf5 Qd7 19. Ng3 Re7 20. Qb1 Rae8 21.
Qb2 h5 22. h4 Qg4 23. Nb3 Rd8 24. Rfe1 Red7 25. Nc5 Rc7 26. Re5 Qxh4 27. Nf5
Qg4 28. Ne4 Nxe4 29. dxe4 Bxe4 30. Ng3 Bg6 31. Qd2 f6 32. Rd5 Rcd7 33. Rxd7
Rxd7 34. Rd1 h4 35. Ne2 h3 36. g3 Bh5 37. Re1 Bf7 38. c5 Rd5 39. Qb4 h2+ 40.
Kg2 h1=Q+ 41. Rxh1 Qxe2 42. Qxb7 Qe4+ 43. Kg1 Re5 44. Qc8+ Re8 45. Qh3 Qe1+ 46.
Qf1 Qxf1+ 47. Kxf1 Rc8 48. Ke2 Rxc5 49. Kd3 Ra5 50. Ra1 Ra4 51. f4 Bg6+ 52. Kd2
Be4 53. g4 Rc4 54. Ra2 Rc3 55. g5 Rf3 56. gxf6 Rf2+ 0-1

[Event "Mechanics' Mar TNM; 30/90, SD/30"]
[Site "San Francisco"]
[Date "2012.09.18"]
[Round "8.12"]
[White "Starr, Albert"]
[Black "Karas, Nicholas"]
[Result "0-1"]
[WhiteElo "1562"]
[BlackElo "2172"]
[PlyCount "100"]
[EventDate "2012.??.??"]

1. b4 e5 2. Bb2 Bxb4 3. Bxe5 Nf6 4. c4 O-O 5. e3 d5 6. Nf3 Re8 7. Be2 Nc6 8.
Bc3 Bxc3 9. Nxc3 d4 10. Nxd4 Nxd4 11. exd4 Qxd4 12. O-O Bf5 13. Nb5 Qd7 14. Bf3
c6 15. Nc3 Bd3 16. Be2 Bxe2 17. Nxe2 Qd3 18. Ng3 Qxc4 19. d3 Qd5 20. Qc2 Rad8
21. Rad1 Rd7 22. Ne2 Rde7 23. Nc3 Qd4 24. h3 g6 25. Rb1 b6 26. a3 Qd6 27. Rb3
Re1 28. g3 h5 29. Rb4 Nd5 30. Nxd5 Qxd5 31. Rb1 Rxb1 32. Rxb1 Qf3 33. Qd1 Re2
34. Qf1 Qxd3 35. Rd1 Qe4 36. Rd8+ Kh7 37. Qg2 Qxg2+ 38. Kxg2 Kg7 39. Kf3 Ra2
40. Rd3 Kf6 41. Ke3 Ke6 42. f4 c5 43. g4 hxg4 44. hxg4 c4 45. Rc3 Kd5 46. f5
gxf5 47. gxf5 f6 48. Kf4 Kd4 49. Rh3 c3 50. Rh6 c2 0-1

[Event "Mechanics' Mar TNM; 30/90, SD/30"]
[Site "San Francisco"]
[Date "2012.07.31"]
[Round "1.9"]
[White "Starr, Albert"]
[Black "Krasnov, Steven"]
[Result "0-1"]
[WhiteElo "1562"]
[BlackElo "1962"]
[PlyCount "66"]
[EventDate "2012.??.??"]

1. b4 e5 2. Bb2 d6 3. e3 Be6 4. d3 f5 5. Nd2 Nf6 6. Ngf3 Be7 7. Be2 O-O 8. O-O
h6 9. c4 Nbd7 10. a4 c5 11. b5 Qe8 12. g3 Nh7 13. a5 g5 14. a6 b6 15. Qc2 g4
16. Ne1 Ng5 17. Ng2 Bf6 18. Nb3 Rc8 19. Rad1 Qf7 20. Rd2 d5 21. cxd5 Bxd5 22.
e4 Bxb3 23. Qc3 Be6 24. Ne3 fxe4 25. Bxg4 exd3 26. Bxe6 Qxe6 27. Qxd3 Rf7 28.
Nc4 Rd8 29. Rfd1 e4 30. Qe3 Nf3+ 31. Kg2 Nxd2 32. Bxf6 Nxc4 33. Qxh6 Qxf6 0-1

[Event "Mechanics' Winter TNM; 30/90, SD/30"]
[Site "San Francisco"]
[Date "2012.02.14"]
[Round "7.17"]
[White "Starr, Albert"]
[Black "MacIntyre, Brendan"]
[Result "0-1"]
[WhiteElo "1519"]
[BlackElo "1675"]
[PlyCount "70"]
[EventDate "2012.??.??"]

1. b4 g6 2. Bb2 Nf6 3. e3 Bg7 4. Be2 O-O 5. Nf3 d6 6. O-O c6 7. c4 Nbd7 8. d3
b5 9. Nbd2 bxc4 10. Nxc4 c5 11. b5 Nb6 12. a4 Bd7 13. Nfd2 a6 14. a5 Nxc4 15.
dxc4 axb5 16. a6 b4 17. Bf3 Ra7 18. Bb7 Qc7 19. h3 Bc6 20. Bxc6 Qxc6 21. Qf3
Qxf3 22. Nxf3 Rfa8 23. Rab1 Rxa6 24. e4 Nxe4 25. Rfe1 Nc3 26. Bxc3 Bxc3 27.
Rxe7 Ra1 28. Rxa1 Rxa1+ 29. Kh2 b3 30. Ng5 b2 31. Rxf7 Be5+ 32. f4 Bxf4+ 33.
Rxf4 b1=Q 34. Ne6 Qg1+ 35. Kg3 Qe3+ 0-1

[Event "Mechanics' Mar TNM; 30/90, SD/30"]
[Site "San Francisco"]
[Date "2012.08.28"]
[Round "5.12"]
[White "Starr, Albert"]
[Black "Margulis, Igor"]
[Result "0-1"]
[WhiteElo "1562"]
[BlackElo "2100"]
[PlyCount "82"]
[EventDate "2012.??.??"]

1. b4 e5 2. Bb2 Bxb4 3. Bxe5 Nf6 4. c4 O-O 5. e3 Re8 6. Nf3 Nc6 7. Bc3 Bf8 8.
d3 d5 9. Be2 dxc4 10. dxc4 Qxd1+ 11. Bxd1 Ne4 12. Bb2 Bb4+ 13. Ke2 Be6 14. Bb3
Rad8 15. h3 a5 16. Nd4 Nxd4+ 17. Bxd4 a4 18. Bxa4 Bxc4+ 19. Kf3 Re6 20. Bb3
Bxb3 21. axb3 Ng5+ 22. Kg3 Rg6 23. Kh2 Bd6+ 24. f4 Ne4 25. Nc3 Nxc3 26. Bxc3
Bc5 27. Rhe1 h5 28. b4 Bb6 29. e4 Rd3 30. Rac1 Be3 31. Rc2 Rc6 32. Rce2 Bxf4+
33. Kh1 Rdxc3 34. e5 Rc1 35. g4 hxg4 36. hxg4 Rxe1+ 37. Rxe1 Rc1 38. Rxc1 Bxc1
39. Kg2 b5 40. Kf3 Bb2 41. Ke4 Bc3 0-1

[Event "Mechanics' Spring TNM; 30/90, SD/30"]
[Site "San Francisco"]
[Date "2012.03.20"]
[Round "2.24"]
[White "Starr, Albert"]
[Black "Miller, David"]
[Result "1-0"]
[WhiteElo "1473"]
[BlackElo "1765"]
[PlyCount "95"]
[EventDate "2012.??.??"]

1. b4 f5 2. Bb2 Nf6 3. e3 d6 4. d3 e5 5. Nd2 Be6 6. Ngf3 Qe7 7. Be2 Nbd7 8. O-O
h6 9. c4 g5 10. g3 f4 11. exf4 gxf4 12. Nh4 Rg8 13. Bf3 fxg3 14. fxg3 Bg4 15.
Qc2 Bxf3 16. Ndxf3 Ng4 17. Rae1 O-O-O 18. d4 Bg7 19. Nf5 Qe8 20. a4 Kb8 21. c5
Qg6 22. N3h4 Qe6 23. c6 Nb6 24. cxb7 Qc4 25. Qg2 Qxb4 26. Ne7 Qxa4 27. Nc6+
Kxb7 28. Nxd8+ Kc8 29. Nc6 Re8 30. Nf5 Bf8 31. Ra1 Qc4 32. Rxa7 e4 33. Rc1 Qd3
34. Qc2 Qxc2 35. Rxc2 e3 36. Kf1 e2+ 37. Rxe2 Rxe2 38. Kxe2 Nxh2 39. Ne3 Kd7
40. d5 h5 41. Bd4 Nc8 42. Nb8+ Kd8 43. Bf6+ Be7 44. Bxe7+ Nxe7 45. Nc6+ Nxc6
46. dxc6 Ng4 47. Nd5 Ne5 48. Ra8# 1-0

[Event "Mechanics' Spring TNM; 30/90, SD/30"]
[Site "San Francisco"]
[Date "2012.04.03"]
[Round "4.23"]
[White "Starr, Albert"]
[Black "Sherwood, Peter"]
[Result "0-1"]
[WhiteElo "1473"]
[BlackElo "1727"]
[PlyCount "90"]
[EventDate "2012.??.??"]

1. b4 e5 2. Bb2 Bxb4 3. Bxe5 Nf6 4. c4 O-O 5. e3 d5 6. h3 Re8 7. Nf3 c5 8. Be2
Nc6 9. Bc3 d4 10. Bxb4 Nxb4 11. Qb3 Bf5 12. Na3 Qe7 13. O-O d3 14. Bd1 Rad8 15.
Rc1 Rd6 16. Nb5 Ra6 17. a3 Nc6 18. Ne1 Rd8 19. Bf3 Rb6 20. Qa2 Ne4 21. Bxe4
Bxe4 22. f3 Bg6 23. e4 Qd7 24. Nc3 Qd4+ 25. Kh1 a6 26. Rb1 Rxb1 27. Nxb1 Na5
28. Nc3 Nxc4 29. Nd5 Ne5 30. Qb1 Rd7 31. Nf4 c4 32. g4 f6 33. Qb4 Qd6 34. Neg2
Bf7 35. Nh4 Qxb4 36. axb4 g5 37. Nh5 Bxh5 38. gxh5 gxh4 39. f4 Nc6 40. h6 c3
41. dxc3 d2 42. Rd1 Kf7 43. f5 Ne5 44. Kg2 Nc4 45. Kf3 Nb2 0-1

[Event "Mechanics' Summer TNM; 30/90, SD/30"]
[Site "San Francisco"]
[Date "2012.06.05"]
[Round "3.19"]
[White "Stearman, Trevor"]
[Black "Matsuda, Leo"]
[Result "0-1"]
[WhiteElo "1381"]
[BlackElo "1814"]
[Annotator "Donaldson"]
[PlyCount "22"]
[EventDate "2012.??.??"]

1. e4 Nf6 2. Nc3 e6 3. f4 d5 4. e5 Nfd7 5. d4 c5 6. Nf3 Nc6 7. Be3 Qb6 8. Na4
Qa5+ 9. c3 cxd4 10. Nxd4 (10. b4 {Theory}) 10... Nxd4 11. Qxd4 $4 (11. Bxd4 b5
12. Nc5 Nxc5 13. b4 Qb6 $15) 11... b5 0-1